[Event "POL-chT 2nd League"]
[Site "Jastrzebia Gora"]
[Date "2022.09.06"]
[Round "4.96"]
[White "Nowak, Kamil"]
[Black "Sliwicki, Damian"]
[Result "1-0"]
[WhiteElo "2275"]
[BlackElo "2140"]
[PlyCount "93"]
[EventDate "2022.09.03"]
[EventType "team-swiss"]
[EventRounds "9"]
[EventCountry "POL"]
[SourceTitle "CBM 210 Extra"]
[Source "ChessBase"]
[SourceDate "2022.11.30"]
[SourceVersion "1"]
[SourceVersionDate "2022.11.30"]
[SourceQuality "1"]
[WhiteTeam "Zarow Goniec"]
[BlackTeam "Torun UMK"]
[WhiteTeamCountry "POL"]
[BlackTeamCountry "POL"]

1. d4 Nf6 2. c4 e6 3. Nf3 Bb4+ 4. Bd2 Qe7 5. g3 Nc6 6. Bg2 Bxd2+ 7. Nbxd2 d5 8. 0-0 0-0 9. Qc2 Bd7 10. Rac1 Rad8 11. Rfd1 Bc8 12. e3 e5 13. dxe5 Nxe5 14. Nxe5 Qxe5 15. cxd5 Bg4 16. Bf3 Bxf3 17. Nxf3 Qh5 18. Kg2 Nxd5 19. Qb3 b6 20. Rd2 Rd6 21. e4 Nf6 22. Rxc7 Rxd2 23. Nxd2 Qe2 24. Qc2 Ng4 25. Nf1 Qa6 26. h3 Ne5 27. a3 Nd3 28. Kh2 g6 29. Ne3 Nc5 30. Nd5 Qf1 31. Ne3 Qe1 32. b4 Ne6 33. Re7 Qa1 34. Rxa7 Rd8 35. Kg2 Qe1 36. Qc6 h5 37. Ra8 Rxa8 38. Qxa8+ Kg7 39. Qd5 h4 40. Qe5+ Kg8 41. gxh4 Qd2 42. Nd5 Nd4 43. h5 Qd1 44. Qf6 Qd3 45. Ne7+ Kf8 46. Nxg6+ Kg8 47. Qh8# 1-0

[Event "POL-chT 2nd League"]
[Site "Jastrzebia Gora"]
[Date "2022.09.03"]
[Round "1.7"]
[White "Lubczynski, Rafal"]
[Black "Nowak, Kamil"]
[Result "1/2-1/2"]
[WhiteElo "2413"]
[BlackElo "2275"]
[PlyCount "55"]
[EventDate "2022.09.03"]
[EventType "team-swiss"]
[EventRounds "9"]
[EventCountry "POL"]
[SourceTitle "CBM 210 Extra"]
[Source "ChessBase"]
[SourceDate "2022.11.30"]
[SourceVersion "1"]
[SourceVersionDate "2022.11.30"]
[SourceQuality "1"]
[WhiteTeam "Wroclaw Kopernik"]
[BlackTeam "Zarow Goniec"]
[WhiteTeamCountry "POL"]
[BlackTeamCountry "POL"]

1. d4 d5 2. c4 c6 3. Nf3 Nf6 4. Nbd2 Bf5 5. Nh4 Bc8 6. Nhf3 Bf5 7. Nh4 Bc8 8. b3 e6 9. Nhf3 Nbd7 10. g3 Be7 11. Bg2 0-0 12. 0-0 b6 13. Qc2 Bb7 14. Rd1 c5 15. dxc5 Bxc5 16. Bb2 Rc8 17. Rac1 Qe7 18. Nd4 Rfd8 19. Qb1 Nf8 20. cxd5 Bxd5 21. Bxd5 Nxd5 22. Ne4 Bxd4 23. Rxd4 f6 24. Rdc4 Rxc4 25. Rxc4 e5 26. Qc1 Ne6 27. a4 h6 28. h4 1/2-1/2

[Event "POL-chT Academic"]
[Site "Chorzow"]
[Date "2022.04.02"]
[Round "4.10"]
[White "Kaminski, Maciej1111"]
[Black "Nowak, Kamil"]
[Result "1-0"]
[WhiteElo "1861"]
[BlackElo "1874"]
[PlyCount "65"]
[EventDate "2022.04.02"]
[EventType "team-swiss (rapid)"]
[EventRounds "9"]
[EventCountry "POL"]
[SourceTitle "EXT 2024"]
[Source "ChessBase"]
[SourceDate "2023.10.10"]
[SourceVersion "1"]
[SourceVersionDate "2023.10.10"]
[SourceQuality "1"]

1. Nf3 d5 2. g3 Nf6 3. Bg2 Bf5 4. 0-0 e6 5. c4 c6 6. cxd5 cxd5 7. d3 Nc6 8. Nc3 Be7 9. Bf4 0-0 10. Qb3 Qd7 11. Rfd1 d4 12. Nb1 Nd5 13. Bd2 a6 14. a4 e5 15. Nxe5 Nxe5 16. Qxd5 Qxd5 17. Bxd5 Nc6 18. Na3 Bg4 19. Re1 Rad8 20. Bg2 Rfe8 21. Nc4 Bf6 22. Kf1 Re7 23. h3 Be6 24. Rac1 Bd5 25. b4 Bxg2+ 26. Kxg2 Rde8 27. Nd6 Rb8 28. Nxb7 Nxb4 29. Na5 h6 30. Bxb4 Rxb4 31. Nc6 Rxa4 32. Nxe7+ Bxe7 33. Ra1 1-0

[Event "POL-chT 2nd League"]
[Site "Jastrzebia Gora"]
[Date "2019.09.14"]
[Round "8.11"]
[White "Polok, Kacper"]
[Black "Nowak, Kamil"]
[Result "1/2-1/2"]
[WhiteElo "2307"]
[BlackElo "2296"]
[PlyCount "33"]
[EventDate "2019.09.07"]
[EventType "team-swiss"]
[EventRounds "9"]
[EventCountry "POL"]
[SourceTitle "EXT 2020"]
[Source "ChessBase"]
[SourceDate "2019.10.17"]
[SourceVersion "1"]
[SourceVersionDate "2019.10.17"]
[SourceQuality "1"]
[WhiteTeam "Raciborz Silesia"]
[BlackTeam "Zarow Goniec"]
[WhiteTeamCountry "POL"]
[BlackTeamCountry "POL"]

1. e4 e6 2. d4 d5 3. Nc3 dxe4 4. Nxe4 Bd7 5. Nf3 Bc6 6. Bd3 Nd7 7. 0-0 Ngf6 8. Bg5 Be7 9. Nxf6+ Nxf6 10. c3 Bxf3 11. Qxf3 c6 12. Rad1 0-0 13. Bb1 Qd5 14. Qxd5 exd5 15. Rfe1 Rfe8 16. Re3 h6 17. Bxf6 1/2-1/2

[Event "POL-chT 2nd League"]
[Site "Jastrzebia Gora"]
[Date "2019.09.07"]
[Round "1.14"]
[White "Rudolf, Michal"]
[Black "Nowak, Kamil"]
[Result "0-1"]
[WhiteElo "2342"]
[BlackElo "2296"]
[PlyCount "60"]
[EventDate "2019.09.07"]
[EventType "team-swiss"]
[EventRounds "9"]
[EventCountry "POL"]
[SourceTitle "EXT 2020"]
[Source "ChessBase"]
[SourceDate "2019.10.17"]
[SourceVersion "1"]
[SourceVersionDate "2019.10.17"]
[SourceQuality "1"]
[WhiteTeam "Warszawa YMCA"]
[BlackTeam "Zarow Goniec"]
[WhiteTeamCountry "POL"]
[BlackTeamCountry "POL"]

1. e4 c5 2. Nf3 d6 3. Bb5+ Bd7 4. Bxd7+ Qxd7 5. c4 Nc6 6. d4 cxd4 7. Nxd4 Nf6 8. Nc3 g6 9. f3 Bg7 10. Be3 0-0 11. 0-0 e6 12. Qd2 Rfd8 13. Rfd1 a6 14. Rac1 Nxd4 15. Bxd4 b5 16. cxb5 axb5 17. Qg5 b4 18. Bxf6 h6 19. Qh4 g5 20. Qh5 Bxf6 21. Ne2 Bxb2 22. Qxh6 Bxc1 23. Rxc1 Qa7+ 24. Kh1 Qe3 25. h4 Rxa2 26. Re1 Rda8 27. hxg5 R8a5 28. Rc1 Ra1 29. Rxa1 Rxa1+ 30. Kh2 Ra5 0-1

[Event "POL-chT 2nd League"]
[Site "Jastrzebia Gora"]
[Date "2018.09.09"]
[Round "9.2"]
[White "Antolak, Julia"]
[Black "Nowak, Kamil"]
[Result "1/2-1/2"]
[WhiteElo "2207"]
[BlackElo "2288"]
[PlyCount "93"]
[EventDate "2018.09.01"]
[EventType "team-swiss"]
[EventRounds "9"]
[EventCountry "POL"]
[SourceTitle "CBM 186 Extra"]
[Source "ChessBase"]
[SourceDate "2018.08.24"]
[SourceVersion "1"]
[SourceVersionDate "2018.08.24"]
[SourceQuality "1"]
[WhiteTeam "Grzybowo GKSz Solny"]
[BlackTeam "Wroclaw Polonia"]
[WhiteTeamCountry "POL"]
[BlackTeamCountry "POL"]

1. e4 c5 2. Nf3 d6 3. d4 cxd4 4. Nxd4 Nf6 5. Nc3 a6 6. Be3 e6 7. f3 b5 8. Qd2 Nbd7 9. 0-0-0 Bb7 10. g4 Nb6 11. Bd3 Rc8 12. Rhe1 Be7 13. g5 Nfd7 14. f4 b4 15. Nce2 d5 16. Ng3 Nc5 17. Nb3 Nxd3+ 18. Qxd3 Nc4 19. Bd4 0-0 20. exd5 Bxd5 21. Kb1 g6 22. h4 Qc7 23. Rf1 a5 24. Rf2 a4 25. Nc1 Nd6 26. Be5 a3 27. b3 Qb6 28. Bd4 Qc6 29. Ba1 Ne4 30. Qd4 Nc3+ 31. Bxc3 Qxc3 32. Qxc3 Rxc3 33. Nd3 Rfc8 34. Rfd2 Bf3 35. Rf1 Bg4 36. Re1 Bf8 37. Re4 Bf3 38. Rd4 Rb8 39. Ne4 Rc7 40. Nf6+ Kg7 41. Ne5 Bd5 42. Nxd5 exd5 43. Rxd5 Be7 44. R2d3 f6 45. Nc4 fxg5 46. hxg5 Rf8 47. R3d4 1/2-1/2

[Event "POL-chT 2nd League"]
[Site "Jastrzebia Gora"]
[Date "2018.09.05"]
[Round "6.2"]
[White "Nowak, Kamil"]
[Black "Golubka, Petr"]
[Result "0-1"]
[WhiteElo "2288"]
[BlackElo "2457"]
[PlyCount "128"]
[EventDate "2018.09.01"]
[EventType "team-swiss"]
[EventRounds "9"]
[EventCountry "POL"]
[SourceTitle "CBM 186 Extra"]
[Source "ChessBase"]
[SourceDate "2018.08.24"]
[SourceVersion "1"]
[SourceVersionDate "2018.08.24"]
[SourceQuality "1"]
[WhiteTeam "Wroclaw Polonia"]
[BlackTeam "Nowy Sacz Sandecja"]
[WhiteTeamCountry "POL"]
[BlackTeamCountry "POL"]

1. d4 Nf6 2. c4 e6 3. Nc3 Bb4 4. Qc2 0-0 5. a3 Bxc3+ 6. Qxc3 Nc6 7. Nf3 a5 8. Bg5 h6 9. Bh4 d6 10. e3 Re8 11. Bd3 e5 12. dxe5 dxe5 13. Nd2 Qd4 14. Qxd4 exd4 15. Bxf6 gxf6 16. 0-0-0 Ne5 17. Be2 d3 18. Bf3 Ra6 19. Kb1 f5 20. g3 Bd7 21. Rhf1 b5 22. c5 b4 23. axb4 Rb8 24. Bd5 Rxb4 25. Nf3 Nxf3 26. Bxf3 Bb5 27. Rd2 a4 28. Rc1 a3 29. Rc3 Bc4 30. Bd1 axb2 31. Rxb2 Rxb2+ 32. Kxb2 Ra2+ 33. Kb1 Be6 34. Rxd3 Rxf2 35. Rd4 Rxh2 36. Bc2 Rg2 37. Rf4 Rxg3 38. Bxf5 Rxe3 39. Bxe6 Rxe6 40. Kc2 Re5 41. Rc4 f5 42. Kd3 Kf7 43. Rh4 Rxc5 44. Rxh6 Ke7 45. Kd4 Ra5 46. Rh7+ Kd6 47. Rh6+ Kd7 48. Rh7+ Kc6 49. Rh6+ Kb7 50. Rf6 c6 51. Rf8 Kc7 52. Rf6 Kb6 53. Rf8 Ra4+ 54. Kc3 f4 55. Kb3 Re4 56. Kc3 c5 57. Rb8+ Kc7 58. Rf8 Kd7 59. Rf6 Rd4 60. Kb3 Ke7 61. Rc6 Rd5 62. Kc4 Rf5 63. Rxc5 Rxc5+ 64. Kxc5 f3 0-1

[Event "POL-chT 2nd League"]
[Site "Jastrzebia Gora"]
[Date "2018.09.04"]
[Round "5.2"]
[White "Nowak, Kamil"]
[Black "Snihur, Piotr"]
[Result "1/2-1/2"]
[WhiteElo "2288"]
[BlackElo "2233"]
[PlyCount "118"]
[EventDate "2018.09.01"]
[EventType "team-swiss"]
[EventRounds "9"]
[EventCountry "POL"]
[SourceTitle "CBM 186 Extra"]
[Source "ChessBase"]
[SourceDate "2018.08.24"]
[SourceVersion "1"]
[SourceVersionDate "2018.08.24"]
[SourceQuality "1"]
[WhiteTeam "Wroclaw Polonia"]
[BlackTeam "Konin UKS Smecz"]
[WhiteTeamCountry "POL"]
[BlackTeamCountry "POL"]

1. e4 c6 2. d4 d5 3. Nd2 dxe4 4. Nxe4 Bf5 5. Ng3 Bg6 6. h4 h6 7. Nf3 Nd7 8. h5 Bh7 9. Bd3 Bxd3 10. Qxd3 Ngf6 11. Bd2 e6 12. 0-0-0 Be7 13. Kb1 0-0 14. Ne4 Nxe4 15. Qxe4 Nf6 16. Qe2 Qd5 17. Be3 a5 18. Nd2 a4 19. g4 a3 20. b3 Qa5 21. Nc4 Nd5 22. Nxa5 Nc3+ 23. Ka1 Nxe2 24. Nxb7 Bb4 25. Nc5 Bc3+ 26. Kb1 Rfd8 27. Ne4 f5 28. gxf5 exf5 29. Ng3 Nxd4 30. Bxd4 Rxd4 31. Rxd4 Bxd4 32. Nxf5 Bxf2 33. Ne7+ Kh7 34. Nxc6 Re8 35. Nb4 g5 36. hxg6+ Kxg6 37. Nd3 Be3 38. c4 Kg5 39. Kc2 Kg4 40. Nb4 Bg5 41. Kd3 h5 42. Rg1+ Kf5 43. Nd5 h4 44. c5 Re6 45. b4 h3 46. Rh1 Ke5 47. Nb6 Rh6 48. Nc4+ Kd5 49. Nxa3 h2 50. Nc2 Rh3+ 51. Ke2 Rc3 52. Ne1 Bf4 53. Nd3 Bg3 54. Nf2 Ra3 55. b5 Bxf2 56. Kxf2 Rxa2+ 57. Kg3 Kxc5 58. Rxh2 Rxh2 59. Kxh2 Kxb5 1/2-1/2

[Event "POL-chT 2nd League"]
[Site "Jastrzebia Gora"]
[Date "2018.09.02"]
[Round "3.5"]
[White "Kujawski, Adam"]
[Black "Nowak, Kamil"]
[Result "1-0"]
[WhiteElo "2209"]
[BlackElo "2288"]
[PlyCount "155"]
[EventDate "2018.09.01"]
[EventType "team-swiss"]
[EventRounds "9"]
[EventCountry "POL"]
[SourceTitle "CBM 186 Extra"]
[Source "ChessBase"]
[SourceDate "2018.08.24"]
[SourceVersion "1"]
[SourceVersionDate "2018.08.24"]
[SourceQuality "1"]
[WhiteTeam "Bydgoszcz"]
[BlackTeam "Wroclaw Polonia"]
[WhiteTeamCountry "POL"]
[BlackTeamCountry "POL"]

1. e4 e5 2. Nf3 Nc6 3. Bb5 a6 4. Ba4 Nf6 5. 0-0 Nxe4 6. d4 b5 7. Bb3 d5 8. dxe5 Be6 9. Nbd2 Nc5 10. c3 Be7 11. Bc2 d4 12. Ne4 d3 13. Nxc5 dxc2 14. Qxd8+ Rxd8 15. Nxe6 fxe6 16. Be3 Rd5 17. Rfc1 Nxe5 18. Nxe5 Rxe5 19. a4 Kf7 20. Rxc2 Rd8 21. axb5 axb5 22. g3 Red5 23. Kg2 Bc5 24. Bxc5 Rxc5 25. Re2 Rcd5 26. Ra7 R8d7 27. h4 c5 28. Rxd7+ Rxd7 29. Kf3 Kf6 30. Ke3 Kf5 31. f3 h5 32. Rg2 Ke5 33. Rd2 Ra7 34. f4+ Kf5 35. Kf3 Ra2 36. Re2 Kf6 37. Re5 Rxb2 38. Rxh5 c4 39. Rg5 Rb3 40. Kg4 Rxc3 41. Rxb5 g6 42. Rb7 Rc1 43. Rc7 c3 44. Kf3 Rc2 45. g4 e5 46. Rc6+ Kf7 47. fxe5 Rh2 48. Kf4 Rxh4 49. Rxc3 Rh1 50. Rc7+ Ke6 51. Rc6+ Kf7 52. Rf6+ Kg7 53. Kg5 Re1 54. Rxg6+ Kh7 55. Re6 Rg1 56. Re7+ Kg8 57. Ra7 Rg2 58. Kf5 Rg1 59. g5 Rg2 60. e6 Kf8 61. Rf7+ Kg8 62. g6 Rf2+ 63. Ke5 Re2+ 64. Kf6 Rf2+ 65. Ke7 Rg2 66. Rf3 Rxg6 67. Kd7 Rg1 68. e7 Rd1+ 69. Kc6 Rc1+ 70. Kd7 Rd1+ 71. Ke8 Rd2 72. Rg3+ Kh7 73. Rg4 Kh6 74. Kf7 Rf2+ 75. Ke6 Re2+ 76. Kf6 Kh5 77. Rg5+ Kh6 78. Re5 1-0

[Event "POL-chT 2nd League"]
[Site "Jastrzebia Gora"]
[Date "2018.09.02"]
[Round "2.8"]
[White "Nowak, Kamil"]
[Black "Sendera, Jaroslaw"]
[Result "1-0"]
[WhiteElo "2288"]
[BlackElo "2269"]
[PlyCount "117"]
[EventDate "2018.09.01"]
[EventType "team-swiss"]
[EventRounds "9"]
[EventCountry "POL"]
[SourceTitle "CBM 186 Extra"]
[Source "ChessBase"]
[SourceDate "2018.08.24"]
[SourceVersion "1"]
[SourceVersionDate "2018.08.24"]
[SourceQuality "1"]
[WhiteTeam "Wroclaw Polonia"]
[BlackTeam "Sedziszow Malopolski"]
[WhiteTeamCountry "POL"]
[BlackTeamCountry "POL"]

1. e4 c5 2. Nf3 Nc6 3. d4 cxd4 4. Nxd4 Nf6 5. Nc3 d6 6. Bg5 e6 7. Qd2 a6 8. 0-0-0 Bd7 9. f4 Be7 10. Nf3 b5 11. Bxf6 gxf6 12. f5 Qa5 13. fxe6 fxe6 14. Kb1 Rc8 15. Bd3 Nb4 16. Rhe1 0-0 17. Nd4 Rxc3 18. Qxc3 Qxa2+ 19. Kc1 f5 20. Nf3 Qa4 21. Qb3 Qxb3 22. cxb3 Rc8+ 23. Kd2 Nxd3 24. Kxd3 fxe4+ 25. Rxe4 e5 26. Re3 Bf5+ 27. Ke2 e4 28. Kf1 Kf7 29. Nd4 Bg6 30. Rc3 Rc5 31. Rxc5 dxc5 32. Ne2 Bf6 33. Ra1 Bxb2 34. Rxa6 Ke7 35. Rb6 b4 36. Rc6 Bd4 37. Nxd4 cxd4 38. Ke2 Bh5+ 39. Ke1 Bf7 40. Rb6 Bxb3 41. Rxb4 Bd5 42. Rxd4 Ke6 43. Ke2 Ke5 44. Ke3 h5 45. Rb4 h4 46. h3 Kf5 47. Rb8 Kg6 48. Kf4 Kh7 49. Rb2 Kg6 50. Kg4 Kf6 51. Kf4 Kg6 52. Rb6+ Kg7 53. Rd6 Ba8 54. Kg5 Kf7 55. Ra6 Bd5 56. Ra5 Bc6 57. Kxh4 e3 58. Kg3 e2 59. Re5 1-0

[Event "Warsaw Najdorf Memorial op-A 16th"]
[Site "Warsaw"]
[Date "2018.07.16"]
[Round "9"]
[White "Dzierzak, Radoslaw"]
[Black "Nowak, Kamil"]
[Result "1/2-1/2"]
[WhiteElo "2244"]
[BlackElo "2330"]
[PlyCount "61"]
[EventDate "2018.07.08"]
[EventType "swiss"]
[EventRounds "9"]
[EventCountry "POL"]
[SourceTitle "CBM 185 Extra"]
[Source "ChessBase"]
[SourceDate "2018.07.29"]
[SourceVersion "1"]
[SourceVersionDate "2018.07.29"]
[SourceQuality "1"]

1. e4 c5 2. Nf3 e6 3. d3 Nc6 4. g3 g6 5. Bg2 Bg7 6. 0-0 Nge7 7. c3 0-0 8. d4 cxd4 9. cxd4 d5 10. e5 f6 11. Re1 fxe5 12. dxe5 h6 13. h4 Qb6 14. Nc3 Nf5 15. Na4 Qb4 16. a3 Qg4 17. Bf4 Nxh4 18. Nxh4 Rxf4 19. gxf4 Qxh4 20. Qd2 g5 21. Nc5 gxf4 22. Nd3 Nd4 23. Qxf4 Qxf4 24. Nxf4 Nc2 25. Rac1 Nxe1 26. Rxe1 Bd7 27. Bh3 Re8 28. Nxd5 exd5 29. Bxd7 Rxe5 30. Rxe5 Bxe5 31. Be6+ 1/2-1/2

[Event "Warsaw Najdorf Memorial op-A 16th"]
[Site "Warsaw"]
[Date "2018.07.11"]
[Round "4"]
[White "Nowak, Kamil"]
[Black "Czopor, Maciej"]
[Result "0-1"]
[WhiteElo "2330"]
[BlackElo "2217"]
[PlyCount "80"]
[EventDate "2018.07.08"]
[EventType "swiss"]
[EventRounds "9"]
[EventCountry "POL"]
[SourceTitle "CBM 185 Extra"]
[Source "ChessBase"]
[SourceDate "2018.07.29"]
[SourceVersion "1"]
[SourceVersionDate "2018.07.29"]
[SourceQuality "1"]

1. d4 Nf6 2. c4 e6 3. Nc3 Bb4 4. Qc2 d5 5. a3 Bxc3+ 6. Qxc3 c5 7. dxc5 d4 8. Qg3 Nc6 9. Nf3 0-0 10. Bh6 Ne8 11. 0-0-0 e5 12. e3 Kh8 13. exd4 gxh6 14. d5 Ne7 15. Qxe5+ Ng7 16. Bd3 Ng6 17. Qe3 Bg4 18. Qxh6 Bxf3 19. gxf3 Qf6 20. Be4 Rac8 21. Qe3 Ne5 22. b3 Nd7 23. b4 Qa1+ 24. Bb1 Rfe8 25. Qd3 f5 26. f4 b5 27. cxb6 Nxb6 28. c5 Na4 29. Rd2 Nc3 30. d6 Qxa3+ 31. Rb2 Re2 32. Bc2 Qa1+ 33. Rb1 Qa3+ 34. Rb2 Qa1+ 35. Rb1 Nxb1 36. Bxb1 Qb2+ 37. Kd1 Re4 38. d7 Rd8 39. c6 Rd4 40. c7 Qxb1+ 0-1

[Event "Gora Sw Anny op 11th"]
[Site "Gora Sw Anny"]
[Date "2018.01.23"]
[Round "9"]
[White "Nowak, Kamil"]
[Black "Kosakowski, Jakub"]
[Result "1/2-1/2"]
[WhiteElo "2301"]
[BlackElo "2315"]
[PlyCount "80"]
[EventDate "2018.01.16"]
[EventType "swiss"]
[EventRounds "10"]
[EventCountry "POL"]
[SourceTitle "CBM 182 Extra"]
[Source "ChessBase"]
[SourceDate "2018.02.23"]
[SourceVersion "1"]
[SourceVersionDate "2018.02.23"]
[SourceQuality "1"]

1. e4 e5 2. Nf3 Nc6 3. Bb5 a6 4. Ba4 Nf6 5. 0-0 Be7 6. Bxc6 dxc6 7. d3 Nd7 8. Nbd2 0-0 9. Nc4 f6 10. Nh4 Nc5 11. Nf5 Bxf5 12. exf5 Qe8 13. Qg4 Qf7 14. b3 Rfe8 15. Re1 Bf8 16. Be3 b6 17. Nd2 Nb7 18. Ne4 Rad8 19. h4 Nd6 20. h5 Nxe4 21. dxe4 Kh8 22. Red1 h6 23. Qe2 a5 24. g4 Ba3 25. Rxd8 Rxd8 26. Rd1 Rxd1+ 27. Qxd1 Qe7 28. Kf1 Bc5 29. Bxc5 Qxc5 30. Qd8+ Kh7 31. Qe8 Qxc2 32. Qg6+ Kg8 33. Qe8+ Kh7 34. Qg6+ Kg8 35. Qe8+ Kh7 36. Qg6+ Kg8 37. Qe8+ Kh7 38. Qg6+ Kg8 39. Qe8+ Kh7 40. Qg6+ Kg8 1/2-1/2

[Event "Gora Sw Anny op 11th"]
[Site "Gora Sw Anny"]
[Date "2018.01.22"]
[Round "8"]
[White "Nowak, Kamil"]
[Black "Chylewski, Patryk"]
[Result "1-0"]
[WhiteElo "2301"]
[BlackElo "2213"]
[PlyCount "97"]
[EventDate "2018.01.16"]
[EventType "swiss"]
[EventRounds "10"]
[EventCountry "POL"]
[SourceTitle "CBM 182 Extra"]
[Source "ChessBase"]
[SourceDate "2018.02.23"]
[SourceVersion "1"]
[SourceVersionDate "2018.02.23"]
[SourceQuality "1"]

1. d4 Nf6 2. c4 g6 3. Nc3 d5 4. cxd5 Nxd5 5. Na4 Bg7 6. e4 Nb6 7. Be3 Nxa4 8. Qxa4+ Nd7 9. Nf3 0-0 10. Rd1 a6 11. Be2 b5 12. Qc2 Nb6 13. 0-0 f5 14. Qb3+ e6 15. Ng5 f4 16. Nxe6 Bxe6 17. Qxe6+ Kh8 18. Bd2 Qxd4 19. Bc3 Qc5 20. Bxg7+ Kxg7 21. Rc1 Qd6 22. Qxd6 cxd6 23. Rc7+ Rf7 24. Rc6 Na4 25. b3 Nc5 26. f3 Nb7 27. Kf2 Kf6 28. Rd1 Rd7 29. g3 fxg3+ 30. hxg3 Ke7 31. Ke3 Nd8 32. Rb6 Nf7 33. Rh1 h6 34. Rc1 Nd8 35. f4 Raa7 36. Bg4 Rdc7 37. Rxa6 Rxc1 38. Rxa7+ Kf6 39. Rd7 Nf7 40. Be2 Ke6 41. Bxb5 Rc3+ 42. Kd4 Rxg3 43. Ra7 Nd8 44. Bc4+ Kf6 45. e5+ dxe5+ 46. fxe5+ Kf5 47. Ra6 Rg2 48. Bd3+ Kf4 49. Rf6+ 1-0

[Event "Gora Sw Anny op 11th"]
[Site "Gora Sw Anny"]
[Date "2018.01.17"]
[Round "2"]
[White "Kaczmarska, Joanna"]
[Black "Nowak, Kamil"]
[Result "0-1"]
[WhiteElo "2037"]
[BlackElo "2301"]
[PlyCount "94"]
[EventDate "2018.01.16"]
[EventType "swiss"]
[EventRounds "10"]
[EventCountry "POL"]
[SourceTitle "CBM 182 Extra"]
[Source "ChessBase"]
[SourceDate "2018.02.23"]
[SourceVersion "1"]
[SourceVersionDate "2018.02.23"]
[SourceQuality "1"]

1. e4 c5 2. Nf3 d6 3. d4 cxd4 4. Nxd4 Nf6 5. Nc3 a6 6. g3 e5 7. Nde2 Be6 8. Bg2 Nbd7 9. a4 Be7 10. 0-0 Rc8 11. h3 h5 12. Be3 h4 13. g4 0-0 14. Qd2 Re8 15. b3 Nh7 16. Rac1 Rc6 17. Nd5 Bxd5 18. Qxd5 Bg5 19. Bxg5 Nxg5 20. c4 Nc5 21. Rb1 a5 22. Qd2 Nge6 23. f4 exf4 24. Nxf4 Qg5 25. Qd5 Rcc8 26. Nxe6 Qe3+ 27. Kh2 Rxe6 28. Qh5 Qg3+ 29. Kh1 g6 30. Qd5 Rce8 31. Rf3 Qe5 32. Qxe5 Rxe5 33. Rf4 Nxe4 34. Rd1 Ng3+ 35. Kh2 Re2 36. Kg1 Rb2 37. Rf2 Rxb3 38. Rxd6 Ne4 39. Bxe4 Rxe4 40. Rd8+ Kg7 41. Rd7 Kh6 42. Rfxf7 Rxc4 43. Rd5 Rxh3 44. g5+ Kh5 45. Rh7+ Kg4 46. Rh6 Rg3+ 47. Kf2 h3 0-1

[Event "EU-ch U18 27th"]
[Site "Mamaia"]
[Date "2017.09.12"]
[Round "7"]
[White "Tomczak, Mikolaj"]
[Black "Nowak, Kamil"]
[Result "1/2-1/2"]
[WhiteElo "2387"]
[BlackElo "2314"]
[PlyCount "94"]
[EventDate "2017.09.05"]
[EventType "swiss"]
[EventRounds "9"]
[EventCountry "ROU"]
[SourceTitle "EXT 2018"]
[Source "ChessBase"]
[SourceDate "2017.10.13"]
[SourceVersion "1"]
[SourceVersionDate "2017.10.13"]
[SourceQuality "1"]

1. c4 c6 2. e4 d5 3. exd5 cxd5 4. cxd5 Nf6 5. Qa4+ Nbd7 6. Nc3 g6 7. Nf3 Bg7 8. Bc4 0-0 9. d3 a6 10. Qa3 b6 11. 0-0 Bb7 12. Re1 Re8 13. Be3 Rc8 14. Rac1 b5 15. Bb3 Nb6 16. Nxb5 axb5 17. Qa7 Rxc1 18. Rxc1 Bxd5 19. Bxb6 Qa8 20. Qxa8 Rxa8 21. Bd4 Bxb3 22. axb3 Nd5 23. g3 Nb4 24. Rc7 Nxd3 25. Rxe7 Bxd4 26. Nxd4 b4 27. Re2 Ra1+ 28. Kg2 Ne1+ 29. Kh3 Rd1 30. Nc6 h5 31. f4 Nd3 32. Kg2 Kg7 33. Kf3 Nc1 34. Re7 Kf8 35. Rc7 Nxb3 36. Ne5 Rd2 37. Rxf7+ Ke8 38. Rb7 Rxh2 39. Rb8+ Ke7 40. Nxg6+ Kf6 41. Rb6+ Kg7 42. Ne5 Nd2+ 43. Ke3 Nf1+ 44. Kd4 Rxb2 45. Kd5 Rd2+ 46. Ke6 Nxg3 47. Rxb4 h4 1/2-1/2

[Event "EU-ch U18 27th"]
[Site "Mamaia"]
[Date "2017.09.08"]
[Round "4"]
[White "Nowak, Kamil"]
[Black "Patrascu, Catalin Lucian"]
[Result "1/2-1/2"]
[WhiteElo "2314"]
[BlackElo "2227"]
[PlyCount "80"]
[EventDate "2017.09.05"]
[EventType "swiss"]
[EventRounds "9"]
[EventCountry "ROU"]
[SourceTitle "EXT 2018"]
[Source "ChessBase"]
[SourceDate "2017.10.13"]
[SourceVersion "1"]
[SourceVersionDate "2017.10.13"]
[SourceQuality "1"]

1. d4 f5 2. c4 Nf6 3. Nc3 e6 4. Nf3 Bb4 5. g3 b6 6. Bg2 Bb7 7. 0-0 0-0 8. Qc2 c5 9. Nb5 Be4 10. Qb3 Nc6 11. a3 Ba5 12. dxc5 bxc5 13. Be3 Qe7 14. Ne1 a6 15. Bxe4 Nxe4 16. f3 Nd2 17. Bxd2 Bxd2 18. Nc3 Rab8 19. Qc2 Be3+ 20. Kh1 Nd4 21. Qd3 Bg5 22. e3 Nc6 23. f4 Bf6 24. Rf2 Rb7 25. Rd1 Rfb8 26. Rb1 Rb3 27. Rc2 Bxc3 28. Rxc3 Rxb2 29. Rxb2 Rxb2 30. Nf3 h6 31. Rb3 Rxb3 32. Qxb3 Qd6 33. Kg2 Kh7 34. h4 Qb8 35. Qd3 Qb2+ 36. Kh3 Qf2 37. Nh2 Na5 38. h5 Qa2 39. Qxd7 Qxc4 40. Qe8 Qe4 1/2-1/2

[Event "EU-chT U18"]
[Site "Rymanow Zdroj"]
[Date "2017.08.21"]
[Round "5.4"]
[White "Percivaldi, Martin"]
[Black "Nowak, Kamil"]
[Result "1/2-1/2"]
[WhiteElo "2407"]
[BlackElo "2318"]
[PlyCount "155"]
[EventDate "2017.08.17"]
[EventType "team-swiss"]
[EventRounds "7"]
[EventCountry "POL"]
[SourceTitle "CBM 180 Extra"]
[Source "ChessBase"]
[SourceDate "2017.10.06"]
[SourceVersion "1"]
[SourceVersionDate "2017.10.06"]
[SourceQuality "1"]
[WhiteTeam "Denmark U18"]
[BlackTeam "Poland U18"]
[WhiteTeamCountry "DEN"]
[BlackTeamCountry "POL"]

1. Nf3 d5 2. g3 Nf6 3. Bg2 e6 4. c4 Be7 5. 0-0 0-0 6. d4 c6 7. Qc2 Nbd7 8. Nbd2 b6 9. e4 Bb7 10. e5 Ne8 11. cxd5 cxd5 12. Re1 Rc8 13. Qd1 Qc7 14. Nf1 Qc2 15. Ne3 Qxd1 16. Rxd1 Nc7 17. Bd2 Na8 18. Bf1 a6 19. b3 Rc7 20. Ne1 Nb8 21. f4 Nc6 22. N1c2 g6 23. Bd3 b5 24. a4 b4 25. a5 Rb8 26. g4 Bc8 27. f5 Ra7 28. Ra4 Bd7 29. f6 Bf8 30. Ng2 Nc7 31. Ra2 Nb5 32. Bxb5 axb5 33. a6 Rba8 34. Rda1 Bc8 35. Nge1 Rxa6 36. Rxa6 Rxa6 37. Rxa6 Bxa6 38. Nd3 Na5 39. Nc1 Nc6 40. g5 h6 41. h4 hxg5 42. hxg5 Bc8 43. Kf2 Bd7 44. Ke2 Be8 45. Kd3 Bd7 46. Be1 Be8 47. Ke2 Bd7 48. Kd1 Be8 49. Nd3 Na5 50. Na1 Nc6 51. Bf2 Na5 52. Kc1 Bd7 53. Be1 Be8 54. Kb2 Nc6 55. Nc2 Bd7 56. Bd2 Nb8 57. Bxb4 Bxb4 58. Ncxb4 Kf8 59. Nc5 Bc8 60. Ncd3 Ke8 61. Kc3 Kd7 62. Nf4 Kd8 63. Nbd3 Nc6 64. Nxg6 fxg6 65. Nf4 Ke8 66. Nxg6 b4+ 67. Kd3 Kf7 68. Nf4 Bd7 69. g6+ Kg8 70. Ke3 Be8 71. Nxe6 Bxg6 72. Nc7 Kf7 73. Nxd5 Bc2 74. Nf4 Bxb3 75. Kd3 Ba2 76. Nh3 Kg6 77. Nf4+ Kf7 78. Nh3 1/2-1/2